000 00915cam a2200277 a 4500
001 14016589
003 ARRUPE
005 20131220144309.0
008 050608s2004 ie 000 0 eng d
010 _a 2005415965
020 _a1856074781
035 _a(OCoLC)ocm60578680
040 _aLUU
_cLUU
_dDLC
042 _alccopycat
050 0 0 _aBX3003
_b.053 2004
082 0 0 _a264
_222
100 1 _aO'Loughlin, Thomas.
_96349
245 1 0 _aLiturgical resources for Lent and Eastertide /
_cThomas O'Loughlin.
260 _aDublin :
_bColumba,
_c2004.
300 _a360 p. ;
_c21 cm.
610 2 0 _aCatholic Church
_xLiturgy.
_96350
610 2 0 _aCatholic Church.
_tLectionary (1969 : Great Britain and Ireland)
_96351
906 _a7
_bcbc
_ccopycat
_d2
_encip
_f20
_gy-gencatlg
942 _2lcc
_cMONOGRAPH
999 _c119460
_d119460